000 00638nam a2200181 i 4500
001 19811
003 ES-MaACL
005 20230906152154.0
007 t|
008 021018s1916 sp ||||1| spa d
100 1 _aÁlvarez Quintero, Serafín,
_d1871-1938
_9226443
245 1 3 _aEl duque de él
_b: comedia romántica en tres actos /
_cSerafín y Joaquín Alvarez Quintero.
260 _aMadrid :
_bRenacimiento,
_c1916 (
_fImp. Clásica Española)
300 _a206 p. ;
_c19 cm.
700 1 _aÁlvarez Quintero, Joaquín,
_d1873-1944
_920922
852 _aES-MaACL
_jF-8668(1)
_q. - Encuadernado con otras obras
999 _c19811
_d19811